000 00475nam a2200157 i 4500
001 45494
003 ES-MaACL
005 20230906161227.0
007 t|
008 030326s1972 sp ||||1| spa d
100 1 _aColina Unda, Francisco Javier de la.
_939601
245 1 0 _aRetratos fieles de la nada /
_cFrancisco Javier de la Colina Unda.
260 _aSalamanca :
_b[s.n.,
_c1972] (
_fImp. Calatrava)
300 _a67 p. ;
_c21 cm.
852 _aES-MaACL
_jC-43800
_bR.82673
999 _c45494
_d45494